000 00291nam a2200109Ia 4500
008 171211s9999 xx 000 0 und d
020 _a9781118024027
100 _aChang, Kai
245 _aDoppler Radar Physiological Sensing
260 _bJohn Wiley & Sons, Inc.
_c2016
300 _a288 pages
999 _c350816
_d350816